Situacion economica
Enregistré dans:
| Format: | Publication en série |
|---|---|
| Langue: | espagnol |
| Publié: |
Panamá
Dirección de Estadistica y Censo
1990
|
| Tags: |
Pas de tags, Soyez le premier à ajouter un tag!
|
MARC
| LEADER | 00000nas2a2200000 4500 | ||
|---|---|---|---|
| 001 | s015083 | ||
| 005 | 20250618100414.0 | ||
| 022 | |a 0378-2549 | ||
| 041 | 0 | |a spa | |
| 044 | |a PA | ||
| 245 | 1 | 0 | |a Situacion economica |
| 264 | 1 | |a Panamá |b Dirección de Estadistica y Censo |c 1990 | |
| 300 | |a 1 zv. | ||